Quick Pick: What's the 'B' For? Quiz Stats

 Plays Quiz Updated Mar 21, 2019

Score 0/10 Timer 01:00
3 Plays Today
% Correct
Bureau
96.5%
Bisexual
96.2%
Bacon
95.5%
Basketball
94.6%
Box
86.4%
Business
84.8%
Buy
83.8%
British
83.1%
Banking
81.2%
Batted
77.8%

Today's Daily Dose

Missing Word
Video Games (A-Z)

Get the Picture
Tom Hanks

You're not logged in!

Compare scores with friends on all Sporcle quizzes.
OR
Log In

Sporcle TV

Today on Sporcle TV


Watch our educational content, quiz creation guides, and fun videos on Sporcle TV.

Show Comments

Extras

Top Quizzes Today


Score Distribution

Your Account Isn't Verified!

In order to create a playlist on Sporcle, you need to verify the email address you used during registration. Go to your Sporcle Settings to finish the process.

Report this User

Report this user for behavior that violates our Community Guidelines.

Details: